[Event "Santo Domingo Duarte Memorial 6th"]
[Site "Santo Domingo"]
[Date "2017.02.04"]
[Round "7"]
[White "Alcantara Urbaez, Richard Leandro"]
[Black "Abreu, Rafael Antonio"]
[Result "1-0"]
[WhiteElo "1646"]
[BlackElo "1770"]
[PlyCount "79"]
[EventDate "2017.01.27"]
[EventType "swiss"]
[EventRounds "8"]
[EventCountry "DOM"]
[SourceTitle "CBM 176 Extra"]
[Source "ChessBase"]
[SourceDate "2017.03.02"]
[SourceVersion "1"]
[SourceVersionDate "2017.03.02"]
[SourceQuality "1"]

1. Nf3 d5 2. d4 Nc6 3. c4 Nf6 4. Bf4 Bg4 5. Nbd2 e6 6. a3 Bf5 7. e3 Be7 8. Be2 0-0 9. 0-0 Nh5 10. Bg3 Nxg3 11. hxg3 h6 12. Rc1 Bg4 13. Ne1 Bf5 14. Bf3 Bf6 15. Nb1 Na5 16. cxd5 exd5 17. Nc3 c6 18. Nd3 Bxd3 19. Qxd3 Nc4 20. Rb1 Re8 21. Bd1 g6 22. Bc2 Qe7 23. Rfe1 b5 24. e4 dxe4 25. Nxe4 Qd8 26. Bb3 Na5 27. Ba2 Bg7 28. Rbd1 Rb8 29. Qf3 Rb7 30. d5 c5 31. d6 c4 32. Nc5 Rxe1+ 33. Rxe1 Rb6 34. d7 Re6 35. Nxe6 fxe6 36. Rd1 Bxb2 37. Qe3 Kg7 38. Qxe6 Nb7 39. Bb1 Bf6 40. Qe4 1-0

[Event "Santo Domingo Duarte Memorial 5th"]
[Site "Santo Domingo"]
[Date "2016.01.09"]
[Round "2"]
[White "Abreu, Rafael Antonio"]
[Black "Canela Vasquez, Miguel William"]
[Result "0-1"]
[WhiteElo "1801"]
[BlackElo "1918"]
[PlyCount "56"]
[EventDate "2016.01.08"]
[EventType "swiss"]
[EventRounds "8"]
[EventCountry "DOM"]
[SourceTitle "CBM 170 Extra"]
[Source "ChessBase"]
[SourceDate "2016.02.25"]
[SourceVersion "1"]
[SourceVersionDate "2016.02.25"]
[SourceQuality "1"]

1. b4 e5 2. Bb2 d6 3. c4 Nc6 4. a3 f5 5. e3 Nf6 6. Nc3 Be7 7. Nf3 0-0 8. h3 Ne4 9. Be2 Nxc3 10. Bxc3 e4 11. Nd4 Ne5 12. 0-0 Rf6 13. f4 Nd7 14. Ne6 Rxe6 15. c5 d5 16. Qb3 Nf6 17. Be5 c6 18. Kh2 Nd7 19. g4 fxg4 20. Bxg4 Rh6 21. Rg1 Nf6 22. Bxc8 Qxc8 23. Rg3 Ng4+ 24. Kg2 Nxe5 25. fxe5 Qf5 26. Rf1 Qxe5 27. Qd1 Rf8 28. Rxf8+ Bxf8 0-1